Hallgatói vélemények a tantermi interakció szerepéről egy doktori iskolában
Elmentve itt :
| Szerző: | |
|---|---|
| Dokumentumtípus: | Cikk |
| Megjelent: |
2008
|
| Sorozat: | Iskolakultúra
18 No. 7-8 |
| Online Access: | http://misc.bibl.u-szeged.hu/42583 |
| LEADER | 00600nab a2200169 i 4500 | ||
|---|---|---|---|
| 001 | misc42583 | ||
| 005 | 20191106140633.0 | ||
| 008 | 180706s2008 hu o 0|| zxx d | ||
| 022 | |a 1215-5233 | ||
| 040 | |a SZTE Miscellanea Repozitórium |b hun | ||
| 041 | |a zxx | ||
| 100 | 1 | |a Háhn Judit | |
| 245 | 1 | 0 | |a Hallgatói vélemények a tantermi interakció szerepéről egy doktori iskolában |h [elektronikus dokumentum] / |c Háhn Judit |
| 260 | |c 2008 | ||
| 300 | |a 119-128 | ||
| 490 | 0 | |a Iskolakultúra |v 18 No. 7-8 | |
| 856 | 4 | 0 | |u http://misc.bibl.u-szeged.hu/42583/1/16_EPA00011_iskolakultura_2008-7-8.pdf |z Dokumentum-elérés |